000 00432nam a22001577a 4500
003 NUST
005 20260210155323.0
008 260210b ||||| |||| 00| 0 eng d
082 _a346.54
_bHAB
100 _aUN HABITAT
_920255
245 _aLand and Property Rights in Pakistan: Training Manual /
_cUN HABITAT
260 _aPakistan:
_bUN HABITAT,
_c2012.
300 _a158 p ;
_c21.6 cm
563 _aPaperback
942 _2ddc
_cBK
999 _c616165
_d616165